[Event "HUN-ch U12"]
[Site "Balatonlelle"]
[Date "2016.06.27"]
[Round "5"]
[White "Fazekas, Milan"]
[Black "Borhy, Marcell Boldizsar"]
[Result "1/2-1/2"]
[WhiteElo "1804"]
[BlackElo "2040"]
[PlyCount "52"]
[EventDate "2016.06.24"]
[EventType "swiss"]
[EventRounds "9"]
[EventCountry "HUN"]
[SourceTitle "CBM 173 Extra"]
[Source "ChessBase"]
[SourceDate "2016.08.29"]
[SourceVersion "1"]
[SourceVersionDate "2016.08.29"]
[SourceQuality "1"]

1. e4 c5 2. Nf3 d6 3. d4 cxd4 4. Nxd4 Nf6 5. f3 g6 6. c4 Bg7 7. Be3 h5 8. Nc3 b6 9. Be2 Bb7 10. 0-0 Nbd7 11. Rc1 0-0 12. a3 Rc8 13. Qd2 a6 14. Rfd1 Re8 15. b4 Qc7 16. Nd5 Qb8 17. Nb3 Ba8 18. Bd4 Kh7 19. Bf1 Bh6 20. Be3 Bg7 21. Qf2 Nxd5 22. cxd5 Qb7 23. Qe2 Nb8 24. Nd4 Rxc1 25. Rxc1 Rc8 26. Nc6 b5 1/2-1/2

[Event "HUN-ch U12"]
[Site "Balatonlelle"]
[Date "2016.06.26"]
[Round "4"]
[White "Kozsik, Bende Barnabas"]
[Black "Fazekas, Milan"]
[Result "0-1"]
[WhiteElo "1646"]
[BlackElo "1804"]
[PlyCount "118"]
[EventDate "2016.06.24"]
[EventType "swiss"]
[EventRounds "9"]
[EventCountry "HUN"]
[SourceTitle "CBM 173 Extra"]
[Source "ChessBase"]
[SourceDate "2016.08.29"]
[SourceVersion "1"]
[SourceVersionDate "2016.08.29"]
[SourceQuality "1"]

1. e4 c5 2. Nf3 d6 3. d4 cxd4 4. Nxd4 Nf6 5. Nc3 g6 6. Be3 Bg7 7. f3 0-0 8. Qd2 Nc6 9. 0-0-0 d5 10. Qe1 e6 11. Kb1 Qe7 12. Nxc6 bxc6 13. Bg5 Qb7 14. Bxf6 Bxf6 15. e5 Rb8 16. b3 Be7 17. h4 Rd8 18. h5 Bb4 19. hxg6 fxg6 20. Bd3 Qg7 21. Qh4 Ba6 22. Ne2 Bxd3 23. Rxd3 Rd7 24. Nd4 c5 25. Nc6 Rb6 26. Nxb4 Rxb4 27. f4 Qe7 28. Qxe7 Rxe7 29. g3 Re4 30. Kc1 g5 31. Rf1 Rf7 32. Rdf3 g4 33. R3f2 Re3 34. Kd2 Rxg3 35. f5 exf5 36. Rxf5 Rf3 37. R5xf3 Rxf3 38. Rg1 h5 39. Rh1 Rf5 40. e6 Kf8 41. b4 cxb4 42. Rb1 Ke7 43. Rxb4 Kxe6 44. Rb7 Rf7 45. Rb4 g3 46. Rb1 h4 47. Re1+ Kf6 48. Rf1+ Kg6 49. Rh1 Kg5 50. Ke2 Kg4 51. a4 g2 52. Rg1 Kg3 53. c4 dxc4 54. a5 h3 55. a6 h2 56. Rc1 g1Q 57. Rc3+ Kg2 58. Rc1 Qf2+ 59. Kd1 Rd7# 0-1

[Event "HUN-ch U12"]
[Site "Balatonlelle"]
[Date "2016.06.24"]
[Round "1"]
[White "Fazekas, Milan"]
[Black "Szivak, Andras"]
[Result "1-0"]
[WhiteElo "1804"]
[BlackElo "1454"]
[PlyCount "71"]
[EventDate "2016.06.24"]
[EventType "swiss"]
[EventRounds "9"]
[EventCountry "HUN"]
[SourceTitle "CBM 173 Extra"]
[Source "ChessBase"]
[SourceDate "2016.08.29"]
[SourceVersion "1"]
[SourceVersionDate "2016.08.29"]
[SourceQuality "1"]

1. e4 c5 2. Nf3 d6 3. d4 cxd4 4. Nxd4 Nf6 5. Nc3 a6 6. Bc4 e6 7. Bb3 Be7 8. Be3 0-0 9. 0-0 Nbd7 10. f3 Qc7 11. Kh1 Nc5 12. Qe1 b5 13. g4 Bb7 14. g5 Nfd7 15. Qg3 Nxb3 16. axb3 Rfd8 17. h4 g6 18. Rf2 e5 19. Nde2 Rac8 20. Nc1 Nb6 21. Nd3 Ra8 22. h5 Nd7 23. Nb4 Nb6 24. Bxb6 Qxb6 25. Nbd5 Bxd5 26. Nxd5 Qb7 27. Rh2 Kg7 28. hxg6 hxg6 29. Kg2 Rh8 30. Rah1 Rac8 31. c3 Rcd8 32. Rh6 Rxh6 33. Rxh6 Kf8 34. Qh3 Ke8 35. Rh8+ Bf8 36. Rxf8+ 1-0

[Event "Borsod-chT2 1415"]
[Site "Hungary"]
[Date "2014.11.09"]
[Round "3.6"]
[White "Bibliak, Gabor"]
[Black "Fazekas, Milan"]
[Result "0-1"]
[WhiteElo "1598"]
[BlackElo "1580"]
[PlyCount "82"]
[EventDate "2014.09.28"]
[EventType "team-tourn"]
[EventRounds "7"]
[EventCountry "HUN"]
[SourceTitle "EXT 2016"]
[Source "ChessBase"]
[SourceDate "2015.10.08"]
[SourceVersion "1"]
[SourceVersionDate "2015.10.08"]
[SourceQuality "1"]
[WhiteTeam "Edeleny III"]
[BlackTeam "Miskolc KisBocsok III"]
[WhiteTeamCountry "HUN"]
[BlackTeamCountry "HUN"]

1. Nf3 Nf6 2. d4 e6 3. c4 b6 4. Bg5 Bb7 5. e3 Be7 6. Be2 d6 7. Nc3 Nbd7 8. Qc2 c5 9. 0-0 0-0 10. Rad1 cxd4 11. Nxd4 d5 12. Bf3 Rc8 13. Bxf6 Nxf6 14. cxd5 Bxd5 15. Qa4 Bxf3 16. Nxf3 Qc7 17. Nb5 Qc6 18. Nfd4 Qe4 19. Qxa7 Bc5 20. Nc3 Qh4 21. Nf3 Qb4 22. Rd2 Bd6 23. Rfd1 Bc7 24. Qb7 Qc4 25. Rd4 Qc5 26. Nd2 Qe7 27. Rc4 Bxh2+ 28. Kxh2 Qxb7 29. Rh4 Rfd8 30. Ncb1 Qc7+ 31. g3 Qc2 32. Rh1 Rxd2 33. Nxd2 Qxd2 34. Kg2 Rc2 35. Rf1 Qxe3 36. Ra4 h6 37. Ra3 Qe4+ 38. Kg1 Rxb2 39. Re3 Qb4 40. a3 Qb5 41. Rfe1 Rb1 0-1